Normal view
MARC view
- Taxation
Entry Topical Term
001 - CONTROL NUMBER
- control field: 50000
003 - CONTROL NUMBER IDENTIFIER
- control field: OSt
005 - DATE AND TIME OF LATEST TRANSACTION
- control field: 20220806103536.0
008 - FIXED-LENGTH DATA ELEMENTS
- fixed length control field: 220806|| aca||aabn | a|a d
040 ## - CATALOGING SOURCE
- Original cataloging agency: OSt
- Transcribing agency: OSt
150 ## - HEADING--TOPICAL TERM
- Topical term or geographic name entry element: Taxation
670 ## - SOURCE DATA FOUND
- Source citation: Work cat.: (OSt)29186: Wakale, L. P. / Kapadnis, B. V. 49999, Income Tax : Practice And Procedure 2006-2007, 2005